Applied mathematics for electronics (Record no. 3497)

MARC details
000 -LEADER
fixed length control field 00646nam a2200205Ia 4500
003 - CONTROL NUMBER IDENTIFIER
control field IN-BaIIA
008 - FIXED-LENGTH DATA ELEMENTS--GENERAL INFORMATION
fixed length control field 211028s9999 xx 000 0 eng d
040 ## - CATALOGING SOURCE
Transcribing agency IIA Library
080 ## - UNIVERSAL DECIMAL CLASSIFICATION NUMBER
Universal Decimal Classification number 51-74
Item number WES
100 ## - MAIN ENTRY--PERSONAL NAME
Personal name Westlake, John H.
9 (RLIN) 6193
245 #0 - TITLE STATEMENT
Title Applied mathematics for electronics
Statement of responsibility, etc. John H. Westlake and Gordon E. Noden
260 ## - PUBLICATION, DISTRIBUTION, ETC.
Place of publication, distribution, etc. New Jersey
Name of publisher, distributor, etc. Prentice-Hall
Date of publication, distribution, etc. 1968
300 ## - PHYSICAL DESCRIPTION
Extent xv, 608p.
490 ## - SERIES STATEMENT
Series statement Prentice-Hall Series in Technical Mathematics
650 ## - SUBJECT ADDED ENTRY--TOPICAL TERM
Topical term or geographic name entry element Electronics
9 (RLIN) 1576
650 ## - SUBJECT ADDED ENTRY--TOPICAL TERM
Topical term or geographic name entry element Mathematics
9 (RLIN) 82
650 ## - SUBJECT ADDED ENTRY--TOPICAL TERM
Topical term or geographic name entry element NASA Thesaurus
700 ## - ADDED ENTRY--PERSONAL NAME
Personal name Noden, Gordon E.
9 (RLIN) 6194
942 ## - ADDED ENTRY ELEMENTS (KOHA)
Koha item type Books
Holdings
Withdrawn status Lost status Damaged status Not for loan Home library Current library Shelving location Date acquired Cost, normal purchase price Total Checkouts Full call number Barcode Date last seen Cost, replacement price Price effective from Koha item type Purchase Price
        IIA Library-Bangalore IIA Library-Bangalore General Stacks 23/05/1970 93.24   51-74/ WES 3895 05/11/2021 93.24 23/05/1970 Books Rs. 93.24

Powered by Koha